00601 2200229 4500001002100000005001500021035002000036007000300056008004100059020002100100082000800121084001400129100002200143245007300165250001000238260003200248300002300280650002800303700001800331990001100349990001100360INLIS00000000000408020190903033857 a0010-0919000010ta190903 g 1 ind  a978-602-985435-0 a813 a813 DES a0 aDESNI, Intan Suri1 aAntara Ibuku dan Ibuku /cDesni Intan Suri; penyunting, Woro Lestari acet.1 aJakarta :bSalsabila,c2011 a280 hlm. ;c21 cm. 4aNOVEL. SASTRA INDONESIA0 aWORO, Lestari a14849a a14849b